header

Jobs (Record no. 204970)

MARC details
000 -LEADER
fixed length control field 01303nam a2200325 a 4500
245 00 - TITLE STATEMENT
Title Jobs
260 ## - PUBLICATION, DISTRIBUTION, ETC. (IMPRINT)
Place of publication Washington, D.C. :
Name of publisher World Bank,
Year of publication 2012.
300 ## - PHYSICAL DESCRIPTION
Number of Pages xviii, 401 p. :
Other physical details col. ill., col. maps.
505 0# - FORMATTED CONTENTS NOTE
Formatted contents note pt. 1. Jobs are transformational -- pt. 2. What are good jobs for development? -- pt. 3. Policies through the jobs lens.
650 #0 - SUBJECT ADDED ENTRY--TOPICAL TERM
Topical Term Occupations.
Topical Term Career development.
Topical Term Vocational guidance.
856 40 - ELECTRONIC LOCATION AND ACCESS
Uniform Resource Identifier http://site.ebrary.com/lib/rucke/Doc?id=10613045

No items available.

© 2026 Rongo University
Contact us: librarian | system librarian | Rongo university